How and why children hate

Αποθηκεύτηκε σε:
Λεπτομέρειες βιβλιογραφικής εγγραφής
Άλλοι συγγραφείς: Varma, Ved P. (Επιμελητής έκδοσης)
Μορφή: Βιβλίο
Γλώσσα:English
Δημοσίευση: London : Jessica Kingsley, 1993
Θέματα:
Ετικέτες: Προσθήκη ετικέτας
Δεν υπάρχουν, Καταχωρήστε ετικέτα πρώτοι!

MARC

LEADER 00000nam a2200000 i 4500
001 1/91345
008 991018s1993 eng d
020 |a 1-85302-185-7 
035 |l 10053543 
040 |a GR-MY-UA  |b gre  |e aacr 
041 0 |a eng 
082 0 |a 155.4124 
245 1 0 |a How and why children hate /  |c edited by Ved Varma 
260 |a London :   |b Jessica Kingsley,   |c 1993 
300 |a 209 p. 
650 0 0 |a Hate in children. 
650 0 0 |a Aggressiveness in children. 
650 0 0 |a Hate  |x Social aspects. 
700 1 |a Varma, Ved P.  |4 edt 
852 |a INST  |b RHODES  |e 19991018  |h 155.4124 HOW  |p 005400011924  |q 005400011924  |t BK  |y 0 
901 |a BIBL4-1999-3 
909 |a Ρ  |b 068168 
922 |a 4ΕΛΗ  |b 199908  |c ΚΠΣ/154  |d GLORY BOOKS 
970 |z 1999/10/18